| 000 | 00371nam a22001451a 4500 | ||
|---|---|---|---|
| 082 |
_aS 294.538 _bCHA/S |
||
| 100 | _aChamanlal Goutam | ||
| 245 |
_aShodsa samskar padhathi/ _cby Chamanlal Goutam |
||
| 260 |
_aVaranasi: _bChoukambha Sanskrit Sansthan, _c2003. |
||
| 300 | _a270p. | ||
| 650 | _aRituals Hinduism | ||
| 650 | _aHinduism | ||
| 650 | _aReligion | ||
| 942 | _cBK | ||
| 999 |
_c41843 _d41843 |
||